000 00353pam a2200157a 44500
008 230515b2009 xxu||||| |||| 00| 0 eng d
020 _aNULL
041 _aENGLISH
082 _a611
100 _aF H MARTINI
245 _aMARTINIS ATLAS OF THE HUMAN BODY
250 _a0
260 _a
_bPEARSON EDUCATION
_c2009
300 _a151
650 _aNULL
999 _c528307
_d528307